[Event "World Rapid Women 2018"]
[Site "St Petersburg RUS"]
[Date "2018.12.27"]
[Round "7.43"]
[White "Shvayger, Yuliya"]
[Black "Protopopova, Anastasiya"]
[Result "0-1"]
[WhiteTitle "IM"]
[BlackTitle "WFM"]
[WhiteElo "2393"]
[BlackElo "2304"]
[WhiteFideId "14100126"]
[BlackFideId "24172073"]
[EventDate "2018.12.26"]

1. e4 c6 2. d4 d5 3. e5 Bf5 4. Nf3 e6 5. Be2 Ne7 6. O-O Bg6 7. c3 Nf5 8. b4 a5
9. Bd2 axb4 10. cxb4 Qb6 11. Bc3 Bxb4 12. Qb3 c5 13. a3 Ba5 14. Bb5+ Nc6 15.
dxc5 Qxc5 16. Rc1 O-O 17. Nbd2 Bb6 18. Rf1 Nfd4 19. Nxd4 Nxd4 20. Bxd4 Qxd4 21.
Nf3 Qc5 22. a4 Rfc8 23. Bd3 Bxd3 24. Qxd3 Qc4 25. Qb1 Ra6 26. a5 Rxa5 27. Rxa5
Bxa5 28. Qxb7 Qc7 29. Qb1 Rb8 30. Qa2 Bb4 31. h4 h6 32. Qe2 Be7 33. Ra1 Bf8 34.
g3 g6 35. Kg2 Bg7 36. Qe3 Kh7 37. Ra7 Rb7 38. Ra8 Qb6 39. Qa3 d4 40. Qa4 Qb5 41.
Qxd4 Rd7 42. Qc3 Qd5 43. Qc8 h5 44. Qb8 Bxe5 45. Qe8 Bf6 46. Kg1 Qxf3 47. Qxd7
Qxa8 48. Qxf7+ Bg7 49. Qxe6 Qa1+ 50. Kg2 Qf6 51. Qd5 Qf5 52. Qb7 Kh6 53. Qc6 Bd4
54. Qc1+ Kg7 55. Qd2 Qe4+ 56. Kh2 Kf6 57. Kg1 Ke6 58. Qa2+ Qd5 59. Qe2+ Kf6 60.
Kh2 Qf5 61. Kg2 Qd5+ 62. Kh2 Kf5 63. Qd2 Kf6 64. Qe2 Bc5 65. Kg1 Qe5 66. Qf3+
Qf5 67. Qc3+ Ke6 68. Qc4+ Kd6 69. Qe2 Kd5 70. Qa2+ Ke4 71. Qe2+ Kd4 72. Qb2+ Kd3
73. Qb3+ Ke2 74. Qb2+ Kf3 75. Qc3+ Kg4 76. Qc4+ Kf3 77. Qc3+ Ke2 78. Qb2+ Kd1
79. Qb3+ Qc2 80. Qf3+ Ke1 81. Kg2 Bxf2 82. Kh3 Qf5+ 83. Kg2 Qc2 84. Kh3 Qf5+ 85.
Kg2 Qxf3+ 86. Kxf3 Kf1 87. g4 Bxh4 88. gxh5 gxh5 89. Kf4 Kg2 90. Kf5 Bg3 91. Kg5
h4 0-1

[Event "World Rapid Women 2018"]
[Site "St Petersburg RUS"]
[Date "2018.12.27"]
[Round "7.44"]
[White "Molchanova, Tatjana"]
[Black "Belova, Olga"]
[Result "1-0"]
[WhiteTitle "WGM"]
[BlackTitle "WFM"]
[WhiteElo "2245"]
[BlackElo "2069"]
[WhiteFideId "4132203"]
[BlackFideId "4138422"]
[EventDate "2018.12.26"]

1. e4 e5 2. Nc3 Nf6 3. g3 d5 4. exd5 Nxd5 5. Bg2 Nxc3 6. bxc3 Bd6 7. Ne2 O-O 8.
O-O Nc6 9. Rb1 Re8 10. d3 a5 11. h3 Ra6 12. Kh2 Qf6 13. c4 Rb6 14. Rxb6 cxb6 15.
Nc3 Bc5 16. Nd5 Qg6 17. Be3 Nb4 18. Bxc5 bxc5 19. a3 Nc6 20. f4 Qd6 21. Qh5 exf4
22. Rxf4 Ne5 23. Re4 Bd7 24. c3 g6 25. Qh6 Bf5 26. Rh4 f6 27. Qxh7+ Kf8 28. Qh8+
Kf7 29. Rh7+ 1-0

[Event "World Rapid Women 2018"]
[Site "St Petersburg RUS"]
[Date "2018.12.27"]
[Round "7.45"]
[White "Alieva, Alexandra"]
[Black "Belenkaya, Dina"]
[Result "0-1"]
[WhiteTitle "WFM"]
[BlackTitle "WGM"]
[WhiteElo "2102"]
[BlackElo "2338"]
[WhiteFideId "24133353"]
[BlackFideId "24142654"]
[EventDate "2018.12.26"]

1. e4 c6 2. d4 d5 3. exd5 cxd5 4. c4 Nf6 5. Nc3 Nc6 6. Nf3 Be6 7. Qb3 dxc4 8.
Qxb7 Qc8 9. Qb5 Rb8 10. Qa4 Rb4 11. Qd1 Bg4 12. a3 Rb8 13. Be2 e6 14. Qa4 Qd7
15. Qxc4 Bxf3 16. Bxf3 Nxd4 17. Bd1 Rc8 18. Qd3 Nc6 19. Qxd7+ Nxd7 20. Ba4 Bc5
21. Ne4 Ke7 22. O-O Bd4 23. Rd1 e5 24. Rb1 Nb6 25. Bb5 Nd5 26. Bd2 f5 27. Ng3
Ke6 28. Ne2 Bb6 29. Bc4 Ne7 30. Bb3 Kf6 31. Nc3 Rhd8 32. Nxd5+ Nxd5 33. h4 h6
34. Bg5+ hxg5 35. hxg5+ Ke6 36. Rd2 Bd4 37. Re1 Kd6 38. Kh2 Rc5 39. f4 Nxf4 0-1

[Event "World Rapid Women 2018"]
[Site "St Petersburg RUS"]
[Date "2018.12.27"]
[Round "7.46"]
[White "Injac, Teodora"]
[Black "Sudakova, Irina"]
[Result "1-0"]
[WhiteTitle "WIM"]
[BlackTitle "WGM"]
[WhiteElo "2325"]
[BlackElo "2313"]
[WhiteFideId "932400"]
[BlackFideId "4129903"]
[EventDate "2018.12.26"]

1. Nf3 d5 2. d4 e6 3. c4 c6 4. e3 Nf6 5. Nbd2 Nbd7 6. Bd3 Bd6 7. O-O O-O 8. e4
e5 9. cxd5 cxd5 10. Re1 dxe4 11. Nxe4 Nxe4 12. Bxe4 h6 13. Bc2 exd4 14. Qxd4 Qc7
15. Bxh6 Nf6 16. Rac1 Qb6 17. Bg5 Qxd4 18. Nxd4 Bc5 19. Bxf6 gxf6 20. Bh7+ Kxh7
21. Rxc5 Rd8 22. Nc2 Be6 23. a3 Rd2 24. Rc7 Rc8 25. Rxc8 Bxc8 26. Rc1 Be6 27. b4
Rd3 28. Ra1 Rd2 29. Ne3 b6 30. h3 f5 31. Nf1 Rb2 32. g3 f4 33. gxf4 Bxh3 34. Ne3
Be6 35. f5 Bb3 36. Kg2 Kh6 37. Kg3 Kg5 38. Rc1 a5 39. Rc6 axb4 40. f4+ Kh5 41.
axb4 b5 42. Rc5 Ba4 43. Rc1 Kh6 44. Ng4+ Kg7 45. f6+ Kg6 46. Rc5 Rxb4 47. Rg5+
Kh7 48. Rg7+ Kh8 49. Rxf7 Bb3 50. Rf8+ Kh7 51. Ne5 Be6 52. Re8 Rb3+ 53. Kf2 Rb2+
54. Ke3 Rb3+ 55. Kd4 Rb4+ 56. Kc5 Rxf4 57. Rxe6 b4 58. Rb6 b3 59. Rb7+ Kh6 60.
Rxb3 1-0

[Event "World Rapid Women 2018"]
[Site "St Petersburg RUS"]
[Date "2018.12.27"]
[Round "7.47"]
[White "Geller, Anastasiya"]
[Black "Nazarova, Anastasia"]
[Result "0-1"]
[WhiteTitle "WFM"]
[BlackTitle "WFM"]
[WhiteElo "2187"]
[BlackElo "2157"]
[WhiteFideId "24119059"]
[BlackFideId "34101737"]
[EventDate "2018.12.26"]

1. e4 c5 2. Nf3 Nc6 3. d4 cxd4 4. Nxd4 g6 5. c4 Nf6 6. Nc3 d6 7. Be2 Nxd4 8.
Qxd4 Bg7 9. Qd1 O-O 10. O-O a5 11. Be3 a4 12. Rc1 Qa5 13. f3 Be6 14. Nb5 Rfc8
15. Rf2 Nd7 16. Nd4 Nc5 17. Nxe6 Nxe6 18. Bf1 Qb4 19. Qd2 Qxd2 20. Rxd2 b5 21.
c5 Nxc5 22. Bxb5 Rab8 23. Be2 Bxb2 24. Rcc2 Bf6 0-1

[Event "World Rapid Women 2018"]
[Site "St Petersburg RUS"]
[Date "2018.12.27"]
[Round "7.48"]
[White "Fominykh, Maria"]
[Black "Aseeva, Marina"]
[Result "1-0"]
[WhiteTitle "WGM"]
[WhiteElo "2259"]
[BlackElo "2173"]
[WhiteFideId "4142411"]
[BlackFideId "4110544"]
[EventDate "2018.12.26"]

1. Nf3 d5 2. g3 c6 3. Bg2 Bf5 4. b3 e6 5. Bb2 Nd7 6. O-O Ngf6 7. d3 Be7 8. Nbd2
h6 9. Re1 Qc7 10. e4 dxe4 11. dxe4 Bg4 12. h3 Bh5 13. Qe2 O-O-O 14. Nc4 Rhg8 15.
g4 Bg6 16. Nfe5 Bc5 17. Rad1 Bb4 18. Rf1 Nxe5 19. Bxe5 Qe7 20. c3 Bc5 21. b4 Bb6
22. Nd6+ Rxd6 23. Bxd6 Qe8 24. c4 e5 25. c5 Bc7 26. a4 Qe6 27. b5 Ne8 28. bxc6
Nxd6 29. cxd6 Bxd6 30. Qb5 1-0

[Event "World Rapid Women 2018"]
[Site "St Petersburg RUS"]
[Date "2018.12.27"]
[Round "7.49"]
[White "Tsatsalashvili, Keti"]
[Black "Strutinskaia, Galina"]
[Result "0-1"]
[WhiteTitle "WGM"]
[BlackTitle "WGM"]
[WhiteElo "2303"]
[BlackElo "2201"]
[WhiteFideId "13603434"]
[BlackFideId "4108558"]
[EventDate "2018.12.26"]

1. d4 e6 2. Nf3 f5 3. Nc3 Nf6 4. Bg5 Bb4 5. Bxf6 Qxf6 6. Qd3 Nc6 7. O-O-O O-O 8.
e3 d5 9. Be2 a6 10. Rhg1 b5 11. h3 Bd6 12. g4 b4 13. Na4 Bd7 14. gxf5 Qxf5 15.
Nc5 Bxc5 16. dxc5 Qxd3 17. cxd3 e5 18. h4 h5 19. Ng5 Rxf2 20. Bxh5 Raf8 21. Rg3
b3 22. axb3 Nb4 23. Rf3 R8xf3 24. Nxf3 Bb5 25. Ne1 Rh2 26. Nf3 Rf2 27. Ne1 Rh2
28. Bg6 Rxh4 29. Nf3 Rh3 30. Nxe5 Rxe3 31. d4 Kf8 32. Rg1 Rxb3 33. Rg2 Ke7 34.
Bh7 Kd8 35. Rxg7 Kc8 36. Bf5+ Kb8 37. Rg8+ Ka7 38. Rg7 Kb8 39. Rg8+ Ka7 40. Rg7
Kb8 41. Nd7+ Bxd7 42. Rxd7 Rg3 43. Be6 c6 44. Rd8+ Kb7 45. Rd7+ Kb8 46. Rh7 a5
47. Rh8+ Kb7 48. Bc8+ Kc7 49. Bf5 Rf3 50. Be6 Rf4 51. Rh7+ Kb8 52. Rh8+ Kb7 53.
Rh7+ Ka6 54. Bh3 Kb5 55. b3 Rxd4 56. Ra7 Nd3+ 57. Kc2 Nxc5 58. Bf1+ Kb6 59. Ra8
Rf4 60. Be2 a4 61. bxa4 Rxa4 62. Rb8+ Kc7 63. Rh8 Ra2+ 64. Kd1 Ne4 65. Bf3 Nc3+
66. Kc1 Kb6 67. Rh6 Kc5 68. Bg4 Nb5 69. Bd7 Nd4 70. Be8 Ra8 71. Bd7 Rd8 72. Bh3
Kb4 73. Kb2 Rf8 74. Rh7 Rf2+ 75. Kc1 Kc3 76. Rg7 c5 77. Bg2 Nb3+ 78. Kd1 d4 79.
Ke1 Rb2 80. Bf1 c4 81. Rc7 d3 0-1

[Event "World Rapid Women 2018"]
[Site "St Petersburg RUS"]
[Date "2018.12.27"]
[Round "7.50"]
[White "Nomin-Erdene, Davaademberel"]
[Black "Makarenko, Alexandra"]
[Result "1-0"]
[WhiteTitle "IM"]
[BlackTitle "WIM"]
[WhiteElo "2376"]
[BlackElo "2228"]
[WhiteFideId "4900782"]
[BlackFideId "4165055"]
[EventDate "2018.12.26"]

1. e4 e5 2. Nf3 Nc6 3. Bb5 a6 4. Ba4 Nf6 5. d3 b5 6. Bb3 Be7 7. Nc3 Bb7 8. a4
Nd4 9. Ba2 b4 10. Nxd4 exd4 11. Ne2 c5 12. Ng3 d5 13. e5 Nd7 14. f4 g6 15. Qf3
Nb6 16. a5 Nc8 17. f5 Qc7 18. O-O Qxe5 19. Bf4 Qg7 20. Bxd5 Bxd5 21. Qxd5 Ra7
22. Qc6+ Kd8 23. Bb8 Rd7 24. f6 Bxf6 25. Rxf6 Re8 26. Ne4 Qh6 27. Bf4 Qh5 28.
Nxc5 Ree7 29. Nxd7 1-0

[Event "World Rapid Women 2018"]
[Site "St Petersburg RUS"]
[Date "2018.12.27"]
[Round "7.51"]
[White "Khomeriki, Nino"]
[Black "Lysenko, Margarita"]
[Result "1/2-1/2"]
[WhiteTitle "WIM"]
[BlackTitle "WFM"]
[WhiteElo "2347"]
[BlackElo "2190"]
[WhiteFideId "13603191"]
[BlackFideId "34100200"]
[EventDate "2018.12.26"]

1. d4 Nf6 2. Nf3 g6 3. c4 Bg7 4. Nc3 O-O 5. g3 c6 6. Bg2 d5 7. cxd5 cxd5 8. O-O
Nc6 9. Bf4 Ne4 10. Rc1 Bf5 11. e3 Nxc3 12. Rxc3 Be4 13. Ne5 Nxe5 14. Bxe5 Bxe5
15. dxe5 Bxg2 16. Kxg2 e6 17. Qd4 Qb6 18. Qxb6 axb6 19. a3 Rfc8 20. Rfc1 Rxc3
21. Rxc3 b5 22. Rc7 Ra7 23. h4 h5 24. Kf3 Kf8 25. Ke2 b4 26. axb4 Ra2 27. Rxb7
Rxb2+ 28. Kf3 Kg7 29. Rb8 Kh7 30. b5 Kg7 31. b6 Kh7 32. Kg2 Rb1 33. f3 Kg7 34.
Kf2 Rb2+ 35. Ke1 Kh7 36. Kd1 Kg7 37. Kc1 Rb3 38. Kc2 Rb5 39. Kc3 Kh7 40. Kd4 Kg7
41. e4 Kh7 42. exd5 exd5 43. b7 Kg7 44. g4 hxg4 45. fxg4 Kh7 46. Ke3 Rb4 47. Kd3
Kg7 48. Kc3 Rb6 49. Kd4 Rb5 50. h5 g5 51. Kc3 Rb6 52. Kd3 Rb4 53. Kc3 Rb6 54.
Kd4 Rb5 55. Rc8 Rxb7 56. Kxd5 Rb1 57. Rc7 Kg8 58. Rc3 Rg1 59. Rc4 Rd1+ 60. Rd4
Re1 61. Rb4 Rd1+ 62. Ke4 Rf1 63. Ke3 Kg7 64. Rb7 Kg8 65. Rd7 Re1+ 66. Kf3 Rf1+
67. Kg3 Re1 68. Rd5 Kf8 69. Kf2 Re4 70. Kf3 Rf4+ 71. Kg3 Re4 72. Rd8+ Ke7 73.
Rg8 Rxe5 74. h6 Re3+ 75. Kg2 Re2+ 76. Kg3 Re3+ 77. Kg2 Re2+ 78. Kf3 Rh2 79. Rh8
Kf6 80. h7 Kg7 81. Rg8+ Kxh7 82. Rxg5 Rh6 83. Kf4 Rg6 84. Rh5+ Kg7 85. Ra5 Rc6
86. Kf5 Rf6+ 87. Kg5 Rg6+ 1/2-1/2

[Event "World Rapid Women 2018"]
[Site "St Petersburg RUS"]
[Date "2018.12.27"]
[Round "7.52"]
[White "Drozdova, Dina"]
[Black "Tomashevskaya, Lidia"]
[Result "1/2-1/2"]
[WhiteTitle "WIM"]
[BlackTitle "WIM"]
[WhiteElo "2178"]
[BlackElo "2123"]
[WhiteFideId "4170695"]
[BlackFideId "4113110"]
[EventDate "2018.12.26"]

1. d4 Nf6 2. c4 g6 3. Nc3 d5 4. cxd5 Nxd5 5. e4 Nxc3 6. bxc3 Bg7 7. Be3 O-O 8.
Rc1 c5 9. d5 Qa5 10. Qd2 Rd8 11. Bd3 e6 12. c4 Qxd2+ 13. Kxd2 b6 14. h4 exd5 15.
exd5 Bb7 16. Nf3 b5 17. cxb5 Bxd5 18. Ke2 Nd7 19. Bc4 Bxc4+ 20. Rxc4 Rab8 21.
Rb1 a6 22. b6 Nxb6 23. Rxc5 Na4 24. Rxb8 Rxb8 25. Rc2 Nc3+ 26. Kd3 Nd5 27. Bd2
Rd8 28. Ke2 Re8+ 29. Kf1 Rb8 30. g3 f5 31. Rc5 Nb4 32. Ra5 Nd3 33. Rxa6 Nc5 34.
Ra7 Ne4 35. Be3 h6 36. Nd4 Rb1+ 37. Kg2 Rb2 38. Ne6 Be5 39. a4 Bxg3 40. Rg7+ Kh8
41. Rxg6 Bxf2 42. Bxf2 Rxf2+ 43. Kg1 Ra2 44. Rxh6+ Kg8 45. Nf4 1/2-1/2

[Event "World Rapid Women 2018"]
[Site "St Petersburg RUS"]
[Date "2018.12.27"]
[Round "7.53"]
[White "Sukhareva, Evgeniya"]
[Black "Smirnova, Ekaterina"]
[Result "0-1"]
[BlackTitle "WFM"]
[WhiteElo "2126"]
[BlackElo "2192"]
[WhiteFideId "4167155"]
[BlackFideId "4110943"]
[EventDate "2018.12.26"]

1. d4 d5 2. Nf3 Nf6 3. c4 c6 4. Qc2 dxc4 5. Qxc4 Bg4 6. Nc3 Nbd7 7. e4 Bxf3 8.
gxf3 e5 9. Be3 Bd6 10. O-O-O exd4 11. Bxd4 Qe7 12. h4 Ne5 13. Qe2 Nh5 14. Kb1
O-O 15. Qe3 Ng6 16. Bh3 Bf4 17. Qe2 Be5 18. Qe3 Rfd8 19. Bg4 Ngf4 20. Rhg1 Bxd4
21. Rxd4 Rxd4 22. Qxd4 Rd8 23. Qxa7 Qxh4 24. Qe3 g6 25. a3 Rd3 26. Qc5 Rd2 27.
Nd1 Qd8 28. Nc3 Rxb2+ 29. Ka1 Rc2 30. Qb4 Qd2 31. Rd1 Qxc3+ 32. Qxc3 Rxc3 33.
Rd8+ Kg7 34. Kb2 Rc5 35. Rd7 Rb5+ 36. Kc2 Nf6 37. Rd8 h5 38. Bc8 h4 39. Rd1 b6
40. Kc3 Rg5 41. Rd6 h3 42. Bxh3 Rc5+ 43. Kd4 Nxh3 44. a4 Nxf2 45. Ke3 Nh3 46. f4
Rc3+ 47. Kd4 Nxf4 48. Ke5 Ne6 49. Rd1 Rc4 50. Kd6 Nxe4+ 51. Ke7 Rxa4 52. Rf1
Ra7+ 0-1

[Event "World Rapid Women 2018"]
[Site "St Petersburg RUS"]
[Date "2018.12.27"]
[Round "7.54"]
[White "Lelekova, Olga"]
[Black "Shaydullina, Sandugach"]
[Result "1/2-1/2"]
[WhiteTitle "WIM"]
[BlackTitle "WGM"]
[WhiteElo "2261"]
[BlackElo "2033"]
[WhiteFideId "4164903"]
[BlackFideId "4140389"]
[EventDate "2018.12.26"]

1. e4 c5 2. Nf3 d6 3. d4 cxd4 4. Qxd4 a6 5. Bg5 Nc6 6. Qd2 h6 7. Bh4 g5 8. Bg3
Bg7 9. c3 Nf6 10. Bd3 Nh5 11. Na3 b5 12. Nc2 e6 13. Be2 Nxg3 14. hxg3 Bb7 15.
Rd1 Ne7 16. Qe3 d5 17. Nfd4 Qc7 18. Bd3 e5 19. Nf5 Nxf5 20. exf5 e4 21. Be2 Qe5
22. Nd4 O-O 23. g4 Qf6 24. Rd2 Rfc8 25. a3 Rc7 26. O-O Qe5 27. Bd1 Re8 28. Bb3
Qf4 29. Qxf4 gxf4 30. Re1 Bf6 31. Ne2 Bg5 32. Rd4 f3 33. Ng3 Rce7 34. gxf3 e3
35. Rdd1 e2 36. Rd4 Bf6 37. Rd2 d4 38. Rdxe2 Rxe2 39. Rxe2 Rc8 40. Kg2 dxc3 41.
bxc3 Rxc3 42. Re8+ Kh7 43. Bxf7 Bxf3+ 44. Kh2 Bxg4 45. Ne4 Rh3+ 46. Kg2 Bd4 47.
Bg6+ Kg7 48. Ng3 Rh4 49. Re4 Bh3+ 50. Kf3 Rxe4 51. Kxe4 Bxf2 52. Kf3 Bc5 53.
Nh5+ Kf8 54. Nf4 Bxf5 55. Bxf5 Bxa3 56. Ne6+ Ke7 57. Nc7 Kd6 58. Nxa6 Ke5 59.
Bc2 Kd4 60. Nc7 Kc5 61. Ke3 Bc1+ 62. Kd3 h5 63. Kc3 h4 64. Ne6+ Kd6 65. Nd4 Ke5
66. Nf3+ Kd5 67. Nxh4 Kc5 1/2-1/2

[Event "World Rapid Women 2018"]
[Site "St Petersburg RUS"]
[Date "2018.12.27"]
[Round "7.55"]
[White "Arutyunova, Diana"]
[Black "Bezgodova, Svetlana"]
[Result "1-0"]
[WhiteTitle "WGM"]
[BlackTitle "WIM"]
[WhiteElo "2227"]
[BlackElo "2046"]
[WhiteFideId "14107244"]
[BlackFideId "4110650"]
[EventDate "2018.12.26"]

1. e4 e5 2. Nf3 Nc6 3. d4 exd4 4. Nxd4 Bc5 5. Nf5 g6 6. Ne3 Qf6 7. Nc3 Nge7 8.
Bc4 Ne5 9. Be2 c6 10. f4 Qxf4 11. Ng4 Nxg4 12. Bxf4 Nf2 13. Qd2 Nxh1 14. Be3 Bb4
15. Bd4 Rf8 16. a3 Ba5 17. O-O-O f5 18. e5 b5 19. Bc5 Bc7 20. Rxh1 Bxe5 21. Re1
Bf6 22. Bf3 Rf7 23. Nxb5 Kd8 24. Qa5+ 1-0

[Event "World Rapid Women 2018"]
[Site "St Petersburg RUS"]
[Date "2018.12.27"]
[Round "7.57"]
[White "Loskutova, Viktoriya"]
[Black "Gvanceladze, Anna"]
[Result "0-1"]
[WhiteTitle "WFM"]
[BlackTitle "WFM"]
[WhiteElo "2105"]
[BlackElo "2264"]
[WhiteFideId "34166278"]
[BlackFideId "4113721"]
[EventDate "2018.12.26"]

1. e4 c6 2. d4 d5 3. e5 c5 4. dxc5 Nc6 5. Nf3 Bg4 6. Bb5 Qa5+ 7. Nc3 e6 8. Bd2
Qc7 9. O-O Bxc5 10. Na4 Be7 11. Re1 Nh6 12. h3 Bh5 13. Bxh6 gxh6 14. Qd3 a6 15.
Bxc6+ Qxc6 16. b3 b5 17. Nd4 Qc7 18. Nb2 Bg6 19. Qd2 Bg5 20. Qb4 Rc8 21. Re2 Be7
22. Qd2 Rg8 23. Nd1 Bc5 24. c3 Qa7 25. a3 Bxd4 26. Qxd4 Qxd4 27. cxd4 Kd7 28.
Re3 Rc2 29. Rc3 Rc8 30. Rxc8 Kxc8 31. Ne3 Rd2 32. Rd1 Ra2 33. Rc1+ Kb7 34. Ng4
Rxa3 35. Rc3 a5 36. Nf6 a4 37. Nd7 Ra1+ 38. Kh2 b4 39. Rc5 axb3 40. Rb5+ Kc6 41.
Rxb4 Kxd7 42. Rxb3 Ra4 0-1

[Event "World Rapid Women 2018"]
[Site "St Petersburg RUS"]
[Date "2018.12.27"]
[Round "7.58"]
[White "Dumcheva, Julia"]
[Black "Iljushina, Olga"]
[Result "1-0"]
[WhiteTitle "WFM"]
[BlackTitle "WGM"]
[WhiteElo "2168"]
[BlackElo "2259"]
[WhiteFideId "24143375"]
[BlackFideId "4152280"]
[EventDate "2018.12.26"]

1. e4 c5 2. Nc3 Nc6 3. f4 e6 4. Nf3 d5 5. d3 d4 6. Ne2 Nf6 7. g3 b5 8. Bg2 Bb7
9. O-O Be7 10. c3 O-O 11. cxd4 cxd4 12. Kh1 Qb6 13. b3 Rfd8 14. Nh4 Ng4 15. f5
Bxh4 16. gxh4 exf5 17. Ng3 Ne3 18. Bxe3 dxe3 19. Nxf5 Bc8 20. Qg4 Bxf5 21. exf5
f6 22. Rg1 Kh8 23. Be4 Rd7 24. Qg2 Rc8 25. Rac1 e2 26. Bxc6 Re7 27. Be4 Rd8 28.
Qxe2 Qd4 29. Qg4 Qb2 30. Qg2 Qd4 31. Rc6 a5 32. Re6 Rc7 33. Qg4 a4 34. Qh5 Qd7
35. bxa4 bxa4 36. Qg4 Rc2 37. h5 Qc7 38. Qh3 h6 39. a3 Ra2 40. Qg3 Qd7 41. Bc6
Qa7 42. Bd5 Rxa3 43. Bc4 Rc3 44. Re3 a3 45. Rge1 a2 46. Re8+ Rxe8 47. Rxe8+ 1-0

[Event "World Rapid Women 2018"]
[Site "St Petersburg RUS"]
[Date "2018.12.27"]
[Round "7.59"]
[White "Bulatova, Kamaliya"]
[Black "Stetsko, Lanita"]
[Result "1/2-1/2"]
[WhiteTitle "WFM"]
[BlackTitle "FM"]
[WhiteElo "2007"]
[BlackElo "2194"]
[WhiteFideId "34111546"]
[BlackFideId "13505300"]
[EventDate "2018.12.26"]

1. d4 Nf6 2. c4 e6 3. Nc3 Bb4 4. e3 O-O 5. Bd3 d5 6. Nf3 c5 7. O-O Nc6 8. cxd5
exd5 9. dxc5 Bxc5 10. h3 Qe7 11. a3 Rd8 12. b4 Bb6 13. Nb5 Ne4 14. Bb2 Bf5 15.
Nbd4 Nxd4 16. Nxd4 Bg6 17. Rc1 Rac8 18. Rxc8 Rxc8 19. Qg4 Rd8 20. Rc1 h5 21. Qd1
Re8 22. Qe2 a6 23. Ba1 Bc7 24. Nf3 f6 25. Qa2 Bf7 26. Qe2 Qd6 27. Qc2 Bb8 28.
Bd4 g5 29. Bc5 Qe6 30. Nd4 Qe5 31. Nf3 Qe6 32. Nd4 Qe5 1/2-1/2

[Event "World Rapid Women 2018"]
[Site "St Petersburg RUS"]
[Date "2018.12.27"]
[Round "7.60"]
[White "Kirchei, Viktoriia"]
[Black "Semenova, Elena1"]
[Result "1/2-1/2"]
[BlackTitle "WIM"]
[WhiteElo "1972"]
[BlackElo "2260"]
[WhiteFideId "34133396"]
[BlackFideId "24125148"]
[EventDate "2018.12.26"]

1. e4 e5 2. Nf3 Nc6 3. Bb5 a6 4. Ba4 Nf6 5. O-O Be7 6. Re1 b5 7. Bb3 O-O 8. c3
d6 9. h3 Bb7 10. d4 Nd7 11. Nbd2 exd4 12. cxd4 Bf6 13. Nf1 Re8 14. Ng3 Na5 15.
Bc2 c5 16. Nf5 Nf8 17. Bf4 Ne6 18. Bg3 Nxd4 19. N3xd4 Bxd4 20. Nxd4 cxd4 21.
Qxd4 Rc8 22. Qd3 Qc7 23. Rac1 Qc4 24. Qa3 Nc6 25. Bb3 Qb4 26. Bxd6 Qxa3 27. bxa3
Nd4 28. Rxc8 Rxc8 29. Bd5 Bc6 30. Kh2 Bxd5 31. exd5 f6 32. Bb4 Rd8 33. d6 Nc2
34. Re6 Nxb4 35. axb4 Kf7 36. Re7+ Kf8 37. Re6 Kf7 38. Re7+ Kf8 39. Ra7 Rxd6 40.
f3 h5 41. Kg3 Kg8 42. a3 Kh7 43. Kf4 Kh6 44. Ra8 Re6 45. Kf5 Re5+ 46. Kf4 Re6
47. Kf5 Re5+ 48. Kf4 1/2-1/2

[Event "World Rapid Women 2018"]
[Site "St Petersburg RUS"]
[Date "2018.12.27"]
[Round "7.61"]
[White "Bogumil, Tatiana"]
[Black "Borisova, Ekaterina"]
[Result "1-0"]
[WhiteTitle "WGM"]
[WhiteElo "2114"]
[BlackElo "2244"]
[WhiteFideId "4110579"]
[BlackFideId "34124184"]
[EventDate "2018.12.26"]

1. Nf3 d5 2. c4 c6 3. b3 Nf6 4. Bb2 Bg4 5. Ne5 Bf5 6. e3 Nbd7 7. Nf3 e6 8. Be2
Bd6 9. O-O O-O 10. Nh4 Bxb1 11. Rxb1 Qe7 12. g3 a5 13. a4 Rfd8 14. f4 Nc5 15.
Qc2 Na6 16. Nf3 Nb4 17. Qd1 Rac8 18. Ne5 Bc5 19. d4 Ba7 20. Bf3 c5 21. cxd5 cxd4
22. d6 Qxd6 23. e4 Qe7 24. Nc4 b5 25. axb5 a4 26. b6 Rxc4 27. bxc4 Bxb6 28. Qxa4
d3+ 29. Kh1 Nc2 30. Bxf6 Qxf6 31. e5 Qe7 32. Rxb6 Qc5 33. Rd6 1-0

[Event "World Rapid Women 2018"]
[Site "St Petersburg RUS"]
[Date "2018.12.27"]
[Round "7.62"]
[White "Kosteniuk, Oksana"]
[Black "Diakonova, Ekaterina"]
[Result "0-1"]
[WhiteTitle "WFM"]
[WhiteElo "2096"]
[BlackElo "2225"]
[WhiteFideId "4187725"]
[BlackFideId "24172936"]
[EventDate "2018.12.26"]

1. Nf3 Nf6 2. g3 b6 3. Bg2 Bb7 4. d3 d5 5. Nbd2 g6 6. O-O Bg7 7. Re1 O-O 8. a3
c5 9. Ne5 Nc6 10. Ndf3 Nd7 11. Nxc6 Bxc6 12. c3 Nf6 13. Ne5 Bb7 14. d4 Nd7 15.
Ng4 h5 16. Ne3 e6 17. h4 b5 18. Nc2 Qb6 19. Be3 c4 20. Qc1 Kh7 21. f3 Qc7 22.
Kf2 f6 23. Bh3 e5 24. Rg1 Rae8 25. Qd2 a5 26. Rg2 Rf7 27. Rag1 Nf8 28. Rf1 Rd8
29. Kg1 Bc8 30. Bxc8 Qxc8 31. Kh2 Qc7 32. Qe1 Ne6 33. Qf2 Rdf8 34. Rd1 Rd7 35.
dxe5 fxe5 36. Bb6 Qb8 37. Bxa5 e4 38. f4 g5 39. hxg5 Nxg5 40. Qb6 Qxb6 41. Bxb6
Ne6 42. e3 Rb8 43. Ba5 Nc5 44. Rh1 Nd3 45. Nb4 Re8 46. Kg1 Kg6 47. g4 hxg4 48.
Rxg4+ Kf7 49. Rh7 Rg8 50. Bb6 Ke8 51. Rg2 Ne1 52. Rg3 Nd3 53. Bd4 Bf8 54. Rxg8
Rxh7 55. Nxd5 Kf7 56. Rg2 Ne1 57. Rg3 Nf3+ 58. Kg2 Rh2+ 59. Kf1 Rh1+ 60. Kg2
Rh2+ 61. Kf1 Rxb2 62. Rh3 Nh2+ 63. Kg1 Nf3+ 64. Kf1 Nxd4 65. exd4 Bxa3 66. Re3
Ke6 67. Nc7+ Kf5 68. Nd5 Ke6 69. Nc7+ Kf5 70. Nd5 Bd6 71. Re2 Rxe2 72. Kxe2 Bxf4
73. Nb4 Ke6 74. Na6 Bd6 75. Ke3 Kd5 76. Ke2 b4 77. cxb4 Kxd4 78. b5 c3 79. b6 e3
80. Kd1 Kd3 81. Nc5+ Bxc5 82. b7 c2+ 83. Kc1 Ba3# 0-1

[Event "World Rapid Women 2018"]
[Site "St Petersburg RUS"]
[Date "2018.12.27"]
[Round "8.1"]
[White "Zhao, Xue"]
[Black "Ju, Wenjun"]
[Result "0-1"]
[WhiteTitle "GM"]
[BlackTitle "GM"]
[WhiteElo "2485"]
[BlackElo "2575"]
[WhiteFideId "8601283"]
[BlackFideId "8603006"]
[EventDate "2018.12.26"]

1. c4 e5 2. Nc3 Bb4 3. e4 Bxc3 4. dxc3 d6 5. g3 Ne7 6. Bg2 O-O 7. Nf3 Nd7 8. Nd2
Nc5 9. Nb3 Ne6 10. Be3 f5 11. Qe2 f4 12. Bd2 b6 13. O-O-O a5 14. Kb1 Qe8 15. Nc1
Ba6 16. Bh3 Ng5 17. Bg4 Qc6 18. b3 Qxe4+ 19. Kb2 Qxe2 20. Bxe2 Bb7 21. Rhf1 Ne4
22. Be1 Ng6 23. f3 Nc5 24. b4 Ne6 25. g4 e4 26. c5 bxc5 27. Bc4 Rae8 28. fxe4
axb4 29. cxb4 cxb4 30. Nb3 Ne5 31. Bd5 Bxd5 32. exd5 Nc4+ 33. Kc1 Ne3 34. Bxb4
Nxf1 35. Rxf1 Ng5 36. h4 Ne4 37. Nd4 Ng3 38. Rf2 Re4 39. Bc3 f3 40. Kd2 Rxg4 41.
Kd3 Ne4 0-1